MARC details
| 000 -LEADER |
| campo de control de longitud fija |
01796cam a2200457Ka 4500 |
| 001 - NÚMERO DE CONTROL |
| campo de control |
50694 |
| 005 - FECHA Y HORA DE LA ÚLTIMA TRANSACCIÓN |
| campo de control |
20230411090004.0 |
| 006 - CÓDIGOS DE INFORMACIÓN DE LONGITUD FIJA--CARACTERÍSTICAS DEL MATERIAL ADICIONAL |
| campo de control de longitud fija |
m d |
| 007 - CAMPO FIJO DE DESCRIPCIÓN FÍSICA--INFORMACIÓN GENERAL |
| campo de control de longitud fija |
cr cn||||||||| |
| 008 - DATOS DE LONGITUD FIJA--INFORMACIÓN GENERAL |
| campo de control de longitud fija |
070310s2004 mx ab sb 000 0 spa d |
| 035 ## - NÚMERO DE CONTROL DEL SISTEMA |
| Número de control de sistema |
(OCoLC)ocm85831186 |
| 040 ## - FUENTE DE CATALOGACIÓN |
| Centro catalogador/agencia de origen |
TEFOD |
| Centro/agencia transcriptor |
TEFOD |
| 020 ## - NÚMERO INTERNACIONAL ESTÁNDAR DEL LIBRO |
| Número Internacional Estándar del Libro |
9682325633 (electronic bk. : Adobe Reader) |
| 020 ## - NÚMERO INTERNACIONAL ESTÁNDAR DEL LIBRO |
| Número Internacional Estándar del Libro |
9789682325632 (electronic bk. : Adobe Reader) |
| 035 ## - NÚMERO DE CONTROL DEL SISTEMA |
| Número de control de sistema |
(OCoLC)85831186 |
| 037 ## - FUENTE DE ADQUISICIÓN |
| Fuente del número de adquisición |
OverDrive, Inc. |
| Nota |
http://www.overdrive.com |
| 043 ## - CÓDIGO DE ÁREA GEOGRÁFICA |
| Código de área geográfica |
n-mx--- |
| 082 04 - NÚMERO DE LA CLASIFICACIÓN DECIMAL DEWEY |
| Número de clasificación |
339.4/6/0972 |
| Número de edición |
22 |
| 049 ## - FONDOS LOCALES (OCLC) |
| Biblioteca depositaria |
GRAL |
| 245 03 - MENCIÓN DEL TÍTULO |
| Título |
La pobreza en México y el mundo |
| Medio |
[electronic resource] : |
| Resto del título |
realidades y desafíos / |
| Mención de responsabilidad, etc. |
Michelle Adato ... [et al.]. ; coordinado por Julio Boltvinik, Araceli Damián. |
| 250 ## - MENCION DE EDICION |
| Mención de edición |
2da ed. |
| 260 ## - PUBLICACIÓN, DISTRIBUCIÓN, ETC. |
| Lugar de publicación, distribución, etc. |
México, D.F. : |
| Nombre del editor, distribuidor, etc. |
Siglo Veintiuno Editores, |
| Fecha de publicación, distribución, etc. |
2005 |
| 300 ## - DESCRIPCIÓN FÍSICA |
| Extensión |
539, [3] p. : |
| Otras características físicas |
ill., |
| Dimensiones |
23 cm. |
| 490 1# - MENCIÓN DE SERIE |
| Mención de serie |
Economía y demografía |
| 500 ## - NOTA GENERAL |
| Nota general |
"En coedición con el gobierno del estado de Tamaulipas." |
| 504 ## - NOTA DE BIBLIOGRAFÍA, ETC. |
| Nota de bibliografía, etc. |
Includes bibliographical references. |
| 533 ## - NOTA DE REPRODUCCIÓN |
| Tipo de reproducción |
Electronic reproduction. |
| Lugar de la reproducción |
Mexico City : |
| Institución responsable de la reproducción |
Siglo XXI Editores, |
| Fecha de la reproducción |
2006. |
| Nota sobre la reproducción |
Requires Adobe Reader 6.0 (file size: 3637 KB). |
| 650 #0 - PUNTO DE ACCESO ADICIONAL DE MATERIA--TÉRMINO DE MATERIA |
| Término de materia o nombre geográfico como elemento de entrada |
Poverty |
| Subdivisión geográfica |
Mexico. |
| 651 #0 - PUNTO DE ACCESO ADICIONAL DE MATERIA--NOMBRE GEOGRÁFICO |
| Nombre geográfico |
Mexico |
| Subdivisión general |
Social aspects. |
| 650 #7 - PUNTO DE ACCESO ADICIONAL DE MATERIA--TÉRMINO DE MATERIA |
| Término de materia o nombre geográfico como elemento de entrada |
Pobreza |
| Subdivisión geográfica |
Mâexico. |
| Fuente del encabezamiento o término |
bidex |
| 651 #7 - PUNTO DE ACCESO ADICIONAL DE MATERIA--NOMBRE GEOGRÁFICO |
| Nombre geográfico |
México |
| Subdivisión general |
Aspectos sociales. |
| Fuente del encabezamiento o término |
bidex |
| 655 #7 - TERMINO DE INDIZACIÓN--GENERO/FORMA |
| Datos o término principal de género/forma |
Electronic books. |
| Fuente del término |
local |
| 700 1# - ENTRADA AGREGADA--NOMBRE PERSONAL |
| Nombre de persona |
Adato, Michelle. |
| 700 1# - ENTRADA AGREGADA--NOMBRE PERSONAL |
| Nombre de persona |
Boltvinik, Julio. |
| 700 1# - ENTRADA AGREGADA--NOMBRE PERSONAL |
| Nombre de persona |
Damián, Araceli. |
| 776 1# - ENTRADA DE FORMULARIO FÍSICO ADICIONAL |
| Información calificativa |
Original |
| Número Internacional Estándar del Libro |
9789682325632 |
| Número de control del registro |
(OCoLC)59673341 |
| 830 #0 - PUNTO DE ACCESO ADICIONAL DE SERIE-TÍTULO UNIFORME |
| Título uniforme |
Economía y demografía (Mexico City, Mexico). |
| 856 4# - LOCALIZACIÓN Y ACCESO ELECTRÓNICOS |
| Identificador Uniforme de Recursos |
<a href="http://www.contentreserve.com/TitleInfo.asp?ID={A6004F77-9CA3-468D-8209-A5FA894797C1}&Format=50">http://www.contentreserve.com/TitleInfo.asp?ID={A6004F77-9CA3-468D-8209-A5FA894797C1}&Format=50</a> |
| Nota pública |
Click for information |
| 942 ## - ELEMENTOS DE ENTRADA SECUNDARIOS (KOHA) |
| Fuente del sistema de clasificación o colocación |
Clasificación de Library of Congress |
| Tipo de ítem Koha |
|
| 994 ## - |
| -- |
C0 |
| -- |
DRFGD |